BSOP header

The recent study of Hebrew : (Record no. 43904)

MARC details
000 -LEADER
fixed length control field 00892pam a2200253 a 4500
001 - CONTROL NUMBER
control field 1036261
005 - DATE AND TIME OF LATEST TRANSACTION
control field 20181002094809.0
008 - FIXED-LENGTH DATA ELEMENTS--GENERAL INFORMATION
fixed length control field 890801s1989 ohu ab 001 0 eng
010 ## - LIBRARY OF CONGRESS CONTROL NUMBER
LC control number 89019885
020 ## - INTERNATIONAL STANDARD BOOK NUMBER
International Standard Book Number 0878209085
100 1# - MAIN ENTRY--PERSONAL NAME
Personal name Waldman, Nahum M.
245 14 - TITLE STATEMENT
Title The recent study of Hebrew :
Remainder of title a survey of the literature with selected bibliography /
Statement of responsibility, etc Nahum M. Waldman.
260 ## - PUBLICATION, DISTRIBUTION, ETC. (IMPRINT)
Place of publication, distribution, etc Cincinnati :
Name of publisher, distributor, etc Hebrew Union College Press ;
Place of publication, distribution, etc Winona Lake, Ind. :
Name of publisher, distributor, etc Eisenbrauns,
Date of publication, distribution, etc c1989.
300 ## - PHYSICAL DESCRIPTION
Extent xx, 464 p. ;
Dimensions 24 cm.
336 ## - CONTENT TYPE
Content Type Term text
337 ## - MEDIA TYPE
Media Type Term unmediated
338 ## - CARRIER TYPE
Carrier Type Term volume
440 #0 - SERIES STATEMENT/ADDED ENTRY--TITLE
Title Bibliographica Judaica,
International Standard Serial Number 0067-6853 ;
Volume number/sequential designation 10
500 ## - GENERAL NOTE
General note "An I. Edward Kiev Library Foundation book"--1st prelim. p.
504 ## - BIBLIOGRAPHY, ETC. NOTE
Bibliography, etc Includes bibliographical references (p. 267-448).
650 #0 - SUBJECT ADDED ENTRY--TOPICAL TERM
Topical term or geographic name as entry element Hebrew language
General subdivision Bibliography.
650 #0 - SUBJECT ADDED ENTRY--TOPICAL TERM
Topical term or geographic name as entry element Hebrew language
General subdivision Abstracts.
942 ## - ADDED ENTRY ELEMENTS (KOHA)
Source of classification or shelving scheme Library of Congress Classification
Item type Books
Holdings
Withdrawn status Lost status Source of classification or shelving scheme Damaged status Not for loan Home library Current library Shelving location Date acquired Source of acquisition Inventory number Total Checkouts Full call number Barcode Date last seen Price effective from Koha item type
    Library of Congress Classification     BSOP Library BSOP Library David Weisberg Collection 10/02/2018 Donated by Dr. David and Oprah Weisberg 43394   Z7070 W14 1989 00054394 10/02/2018 10/02/2018 Books
BSOP

Biblical Seminary of the Philippines
  All rights Reserved
  © 2024

CONTACT INFORMATION

Biblical Seminary of the Philippines,
  77-B Karuhatan Road, Valenzuela City,
  PHILIPPINES 1441
  Phone: +632 8292-6795 / 8292-6798
  Fax : +632 8292-6675
  Email: library@bsop.edu.ph